000 00308nam a22001337a 4500
008 170502b xxu||||| |||| 00| 0 eng d
020 _a9780130165848
041 _aeng
080 _26TH
_a34
100 _a14
101 _aSHJ
245 _aPROCEDURES IN THE JUSTICE SYSTEM
_cSTUCKEY, G.B
942 _2udc
_cBK
999 _c12428
_d12428